[Event "DEM U18 2000"]
[Site "Überlingen GER"]
[Date "2000.06.04"]
[Round "1"]
[White "Langheinrich, Ferenc"]
[Black "Liebold, Thomas"]
[Result "1-0"]
[Termination "normal"]
[Board "1"]
[WhiteElo "2325"]
[BlackElo "2157"]
[PlyCount "60"]
[WhiteFideId "4641973"]
[BlackFideId "4652290"]
[EventCountry "GER"]
[EventRounds "9"]
[EventType "swiss"]
[EventDate "2000.06.03"]

1. e4 c5 2. Nf3 d6 3. d4 cxd4 4. Nxd4 Nf6 5. Nc3 a6 6. Bg5 e6 7. f4 Qc7 8. Qf3
b5 9. Bxf6 gxf6 10. O-O-O Nc6 11. Nxc6 Qxc6 12. f5 Be7 13. fxe6 fxe6 14. Qh5+
Kd8 15. Be2 b4 16. Qa5+ Qc7 17. Qxb4 Rb8 18. Qd4 Qb7 19. b3 Rg8 20. Bf3 Rg5 21.
e5 fxe5 22. Qd3 d5 23. Kb1 Bd7 24. Qxh7 e4 25. Nxe4 dxe4 26. Bxe4 Qb6 27. Rd3
Rd5 28. Bxd5 exd5 29. Rxd5 Qf6 30. Rhd1 Rb7 1-0

[Event "DEM U18 2000"]
[Site "Überlingen GER"]
[Date "2000.06.04"]
[Round "1"]
[White "Ewald, Alexander"]
[Black "Philipowski, Robert"]
[Result "1/2-1/2"]
[Termination "normal"]
[Board "2"]
[WhiteElo "2134"]
[BlackElo "2272"]
[PlyCount "79"]
[WhiteFideId "4662520"]
[BlackFideId "4663209"]
[EventCountry "GER"]
[EventRounds "9"]
[EventType "swiss"]
[EventDate "2000.06.03"]

1. d4 Nf6 2. c4 c5 3. d5 b5 4. cxb5 e6 5. dxe6 fxe6 6. Nf3 d5 7. Bf4 Bd6 8.
Bxd6 Qxd6 9. Nbd2 O-O 10. e3 Nbd7 11. Bd3 a6 12. O-O c4 13. Nxc4 Qb4 14. a3
Qxb5 15. Nd4 Qb8 16. Na5 e5 17. Ndb3 e4 18. Be2 Ne5 19. f4 exf3 20. Bxf3 Nxf3+
21. Qxf3 Re8 22. Kh1 Qe5 23. Nd4 Bg4 24. Qf4 Qxe3 25. h3 Qxf4 26. Rxf4 Bd7 27.
Nb7 Reb8 28. Nc5 Rxb2 29. Rxf6 gxf6 30. Nxd7 Kh8 31. Nxf6 Rf8 32. Ng4 h5 33.
Ne5 Rg8 34. Rf1 Rbxg2 35. h4 Kh7 36. Ne6 Re2 37. Rf7+ Kh8 38. Rf5 Re1+ 39. Kh2
Re2+ 40. Kh1 1/2-1/2

[Event "DEM U18 2000"]
[Site "Überlingen GER"]
[Date "2000.06.04"]
[Round "1"]
[White "Schenk, Andreas"]
[Black "Gehmlich, Marcel"]
[Result "1-0"]
[Termination "normal"]
[Board "3"]
[WhiteElo "2272"]
[BlackElo "2065"]
[PlyCount "49"]
[WhiteFideId "4644891"]
[BlackFideId "4656474"]
[EventCountry "GER"]
[EventRounds "9"]
[EventType "swiss"]
[EventDate "2000.06.03"]

1. d4 Nf6 2. Bg5 d5 3. Bxf6 exf6 4. e3 Bd6 5. c4 dxc4 6. Bxc4 O-O 7. Nc3 Nd7 8.
Nge2 f5 9. Qc2 Nf6 10. h3 Qe7 11. O-O-O c6 12. Kb1 Be6 13. Bd3 g6 14. g4 fxg4
15. e4 Bc7 16. Rdg1 gxh3 17. f4 b5 18. f5 Bc4 19. Bxc4 bxc4 20. Rxh3 c5 21. e5
Bxe5 22. dxe5 Qxe5 23. fxg6 fxg6 24. Rxg6+ Kh8 25. Rxf6 1-0

[Event "DEM U18 2000"]
[Site "Überlingen GER"]
[Date "2000.06.04"]
[Round "1"]
[White "Bravo Lutz, Sebastian"]
[Black "Grafl, Florian"]
[Result "1/2-1/2"]
[Termination "normal"]
[Board "4"]
[WhiteElo "2038"]
[BlackElo "2257"]
[PlyCount "49"]
[BlackFideId "4645715"]
[EventCountry "GER"]
[EventRounds "9"]
[EventType "swiss"]
[EventDate "2000.06.03"]

1. e4 e5 2. Nf3 Nc6 3. d4 exd4 4. c3 dxc3 5. Bc4 cxb2 6. Bxb2 d6 7. O-O Be6 8.
Bxe6 fxe6 9. Qb3 Qd7 10. Ng5 Nd8 11. f4 Ne7 12. Nd2 Nec6 13. Rad1 h6 14. Qh3
Rg8 15. Nh7 Nf7 16. Qg4 Ne7 17. Qh5 Qc6 18. Bd4 Qa4 19. Nf3 c5 20. Bxc5 Qxe4
21. Bxd6 Qf5 22. Qxf5 Nxf5 23. Nxf8 N5xd6 24. Nxe6 Kd7 25. Nc5+ 1/2-1/2

[Event "DEM U18 2000"]
[Site "Überlingen GER"]
[Date "2000.06.04"]
[Round "1"]
[White "Huber, Philipp"]
[Black "Regert, Christian"]
[Result "1-0"]
[Termination "normal"]
[Board "5"]
[WhiteElo "2252"]
[BlackElo "2010"]
[PlyCount "120"]
[WhiteFideId "4643887"]
[EventCountry "GER"]
[EventRounds "9"]
[EventType "swiss"]
[EventDate "2000.06.03"]

1. d4 Nf6 2. Bg5 d5 3. e3 e6 4. Nf3 c5 5. c3 Nc6 6. Nbd2 Be7 7. Bd3 b6 8. O-O
O-O 9. Rc1 Bb7 10. Bb1 Nd7 11. Bf4 Re8 12. Ne5 Ncxe5 13. dxe5 f5 14. exf6 Bxf6
15. Qh5 Nf8 16. Nf3 g6 17. Qg4 e5 18. Bh6 Bg7 19. Bxg7 Kxg7 20. h4 h5 21. Qg3
Qf6 22. Ng5 Ba6 23. Rfd1 Rad8 24. Rd2 Ne6 25. Kh2 Nxg5 26. hxg5 Qe6 27. Rcd1
Rd7 28. f3 Bb7 29. a3 Red8 30. Ba2 c4 31. Bb1 b5 32. Rf1 a6 33. Bc2 Rf8 34. Ra1
a5 35. Rad1 Rfd8 36. Re1 Ba8 37. f4 e4 38. Bd1 Rh8 39. Be2 Bc6 40. Qh4 Rf7 41.
Red1 Bb7 42. Rd4 a4 43. Bf1 Rff8 44. R1d2 Kf7 45. Rf2 Ke7 46. g3 Bc8 47. Kg1
Rd8 48. Rh2 Qg4 49. Be2 Qxh4 50. Rxh4 Kd6 51. Kf2 Bf5 52. Rd1 Rdf8 53. Rdh1
Rhg8 54. g4 hxg4 55. Rh7 Ke6 56. Kg3 Rf7 57. Bxg4 Rgg7 58. Rxg7 Rxg7 59. Rh8
Kf7 60. Bxf5 gxf5 1-0

[Event "DEM U18 2000"]
[Site "Überlingen GER"]
[Date "2000.06.04"]
[Round "1"]
[White "Schweigert, Werner"]
[Black "Pähtz, Thomas jr."]
[Result "0-1"]
[Termination "normal"]
[Board "6"]
[WhiteElo "1997"]
[BlackElo "2216"]
[PlyCount "48"]
[BlackFideId "4636562"]
[EventCountry "GER"]
[EventRounds "9"]
[EventType "swiss"]
[EventDate "2000.06.03"]

1. e4 e6 2. d4 d5 3. exd5 exd5 4. Bd3 c5 5. Nf3 cxd4 6. Nxd4 Nc6 7. Be3 Nf6 8.
O-O Bd6 9. Nf5 O-O 10. Nxd6 Qxd6 11. Qd2 d4 12. Bf4 Qc5 13. Na3 Nd5 14. Bg3 Be6
15. Nc4 Rfd8 16. Rfe1 Ncb4 17. Be5 Ne7 18. Qg5 Ng6 19. Nd2 Nxd3 20. cxd3 Rd5
21. Rac1 Qb5 22. f4 f6 23. a4 Qxd3 24. Rc7 Rxe5 0-1

[Event "DEM U18 2000"]
[Site "Überlingen GER"]
[Date "2000.06.04"]
[Round "1"]
[White "Neyman, Igor"]
[Black "Oberhofer, André"]
[Result "0-1"]
[Termination "normal"]
[Board "7"]
[WhiteElo "2192"]
[BlackElo "1991"]
[PlyCount "54"]
[BlackFideId "24654140"]
[EventCountry "GER"]
[EventRounds "9"]
[EventType "swiss"]
[EventDate "2000.06.03"]

1. d4 Nf6 2. c4 g6 3. Nc3 Bg7 4. e4 d6 5. Be2 O-O 6. Bg5 c5 7. d5 Nbd7 8. Qd2
b5 9. cxb5 a6 10. Nf3 axb5 11. Bxb5 Qa5 12. O-O Ba6 13. Bxa6 Rxa6 14. Rfe1 Rb8
15. e5 dxe5 16. Nxe5 Nxe5 17. Rxe5 Rab6 18. Rxe7 Rxb2 19. Qd3 Ng4 20. Rc1 Bd4
21. Ne2 Nxf2 22. Qf3 Nh3+ 23. Kf1 Nxg5 24. Qf4 Qd2 25. Qxd2 Rxd2 26. h4 Kf8 27.
Nxd4 Rxd4 0-1

[Event "DEM U18 2000"]
[Site "Überlingen GER"]
[Date "2000.06.04"]
[Round "1"]
[White "Schütze, Tonio"]
[Black "Meyer, Malte"]
[Result "1/2-1/2"]
[Termination "normal"]
[Board "8"]
[WhiteElo "1982"]
[BlackElo "2180"]
[PlyCount "56"]
[BlackFideId "4664493"]
[EventCountry "GER"]
[EventRounds "9"]
[EventType "swiss"]
[EventDate "2000.06.03"]

1. e4 e6 2. d4 d5 3. exd5 exd5 4. Bd3 Bd6 5. Nf3 Ne7 6. O-O Bg4 7. Bg5 f6 8.
Bh4 Nbc6 9. c3 Qd7 10. Bg3 Bxg3 11. fxg3 O-O 12. Nbd2 Bf5 13. Nb3 b6 14. Re1
Bxd3 15. Qxd3 a5 16. Nc1 Rae8 17. Qb5 Qd8 18. Nd3 Na7 19. Qb3 Ng6 20. Nf4 Nxf4
21. gxf4 Nc8 22. Qc2 Nd6 23. b3 Rxe1+ 24. Rxe1 Re8 25. Re2 Ne4 26. g3 Qd7 27.
Nd2 Nd6 28. Qd3 Re7 1/2-1/2

[Event "DEM U18 2000"]
[Site "Überlingen GER"]
[Date "2000.06.04"]
[Round "1"]
[White "Zimmermann, Julian"]
[Black "Jauk, Wilhelm"]
[Result "1-0"]
[Termination "normal"]
[Board "9"]
[WhiteElo "2180"]
[BlackElo "1942"]
[PlyCount "99"]
[EventCountry "GER"]
[EventRounds "9"]
[EventType "swiss"]
[EventDate "2000.06.03"]

1. e4 d6 2. d4 Nf6 3. Nc3 g6 4. h3 Bg7 5. Be3 O-O 6. Nge2 e5 7. g4 Nc6 8. Bg2
Nd7 9. O-O Nb6 10. b3 f5 11. gxf5 gxf5 12. exf5 Bxf5 13. d5 Ne7 14. Ng3 Bg6 15.
Nce2 Nd7 16. c4 b6 17. b4 Nf6 18. Qb3 Qd7 19. c5 Nf5 20. Nxf5 Bxf5 21. Kh2 Kh8
22. cxd6 cxd6 23. Rac1 Rac8 24. Rc6 Rxc6 25. dxc6 Qe6 26. Qxe6 Bxe6 27. f4 Nd5
28. Bd2 exf4 29. Bf3 Be5 30. Bxd5 Bxd5 31. Bxf4 Kg8 32. Rg1+ Kf7 33. Bxe5 dxe5
34. b5 Bc4 35. Nc3 Ke6 36. Rg7 Rf7 37. Rg8 Kd6 38. Ne4+ Kd5 39. Ng5 Re7 40.
Rd8+ Kc5 41. Rd7 Re8 42. a4 Bd5 43. Nxh7 Ra8 44. Nf6 Bxc6 45. Rc7 Kb4 46. bxc6
Kxa4 47. Rd7 Kb5 48. c7 Rc8 49. Nd5 Kc6 50. Rd8 1-0

[Event "DEM U18 2000"]
[Site "Überlingen GER"]
[Date "2000.06.04"]
[Round "1"]
[White "Luig, Benjamin"]
[Black "Seel, Christian"]
[Result "0-1"]
[Termination "normal"]
[Board "10"]
[WhiteElo "1894"]
[BlackElo "2176"]
[PlyCount "34"]
[BlackFideId "4663098"]
[EventCountry "GER"]
[EventRounds "9"]
[EventType "swiss"]
[EventDate "2000.06.03"]

1. d4 Nf6 2. c4 g6 3. Nc3 d5 4. Nf3 Bg7 5. Bf4 O-O 6. e3 c5 7. Qb3 cxd4 8. exd4
dxc4 9. Bxc4 Nc6 10. Be5 Na5 11. Qb4 Nxc4 12. Qxc4 Be6 13. Qe2 Rc8 14. Nd2 Qb6
15. O-O Qxb2 16. Rab1 Qa3 17. d5 Bg4 0-1

[Event "DEM U18 2000"]
[Site "Überlingen GER"]
[Date "2000.06.04"]
[Round "1"]
[White "Send, Sebastian"]
[Black "Schinkowski, Christoph"]
[Result "1-0"]
[Termination "normal"]
[Board "11"]
[WhiteElo "2175"]
[BlackElo "1823"]
[PlyCount "27"]
[WhiteFideId "4667301"]
[BlackFideId "4686632"]
[EventCountry "GER"]
[EventRounds "9"]
[EventType "swiss"]
[EventDate "2000.06.03"]

1. e4 c5 2. c3 d5 3. exd5 Qxd5 4. d4 Nf6 5. Nf3 Bg4 6. Nbd2 e6 7. Bc4 Qd8 8.
Qb3 Qb6 9. Bb5+ Nbd7 10. Nc4 Qc7 11. Nfe5 Bf5 12. Bg5 a6 13. Bxd7+ Nxd7 14.
Nxd7 1-0

[Event "DEM U18 2000"]
[Site "Überlingen GER"]
[Date "2000.06.04"]
[Round "1"]
[White "Menzel, Michael"]
[Black "Motl, Martin"]
[Result "0-1"]
[Termination "normal"]
[Board "12"]
[WhiteElo "1756"]
[BlackElo "2172"]
[PlyCount "78"]
[WhiteFideId "4694732"]
[BlackFideId "4667522"]
[EventCountry "GER"]
[EventRounds "9"]
[EventType "swiss"]
[EventDate "2000.06.03"]

1. e4 c5 2. Nf3 d6 3. d4 cxd4 4. Nxd4 Nf6 5. Nc3 a6 6. Be2 Nbd7 7. O-O b5 8.
Qe1 Bb7 9. f3 e6 10. Be3 b4 11. Nd1 d5 12. exd5 Nxd5 13. Bf2 Rc8 14. Qd2 Bd6
15. g3 h5 16. Ne3 N7b6 17. Nxd5 Nxd5 18. Rfe1 Qf6 19. Bd3 Kf8 20. Be4 h4 21.
Rac1 Rd8 22. c4 bxc3 23. bxc3 hxg3 24. hxg3 Rh3 25. Kg2 Nf4+ 26. gxf4 Bxf4 27.
Qc2 Rh2+ 28. Kf1 Qg5 29. Ke2 Bxe4 30. fxe4 e5 31. Nf3 Qg2 32. Rf1 Rh3 33. Rcd1
Qxf3+ 34. Ke1 Rxd1+ 35. Qxd1 Qxc3+ 36. Ke2 Qc4+ 37. Ke1 Rd3 38. Qb1 Qc3+ 39.
Ke2 Qd2# 0-1

[Event "DEM U18 2000"]
[Site "Überlingen GER"]
[Date "2000.06.05"]
[Round "3"]
[White "Langheinrich, Ferenc"]
[Black "Oberhofer, André"]
[Result "1-0"]
[Termination "normal"]
[Board "1"]
[WhiteElo "2325"]
[BlackElo "1991"]
[PlyCount "91"]
[WhiteFideId "4641973"]
[BlackFideId "24654140"]
[EventCountry "GER"]
[EventRounds "9"]
[EventType "swiss"]
[EventDate "2000.06.03"]

1. e4 e5 2. Nf3 Nc6 3. Nc3 Nf6 4. g3 Be7 5. Bg2 O-O 6. d4 d6 7. h3 exd4 8. Nxd4
Nd7 9. Be3 Bf6 10. O-O Nxd4 11. Bxd4 Bxd4 12. Qxd4 Qf6 13. Qe3 Nb6 14. b3 Bd7
15. Rfe1 Rfe8 16. f4 Qh6 17. g4 Bc6 18. g5 Qh4 19. Qf2 Qxf2+ 20. Kxf2 f6 21.
gxf6 gxf6 22. Bf3 Re7 23. h4 Rg7 24. h5 Rd8 25. a4 a5 26. h6 Rg6 27. Rh1 Kh8
28. Rh5 Nd7 29. Re1 Nc5 30. Nd5 Re8 31. Rhh1 Bxd5 32. exd5 Rxe1 33. Rxe1 Rxh6
34. Re7 Na6 35. Be4 Rh5 36. Kg3 Nc5 37. Bf3 Rh6 38. f5 Na6 39. Re8+ Kg7 40. Ra8
Kf7 41. Ra7 Ke7 42. Rxb7 Kd7 43. Ra7 Nb4 44. c3 Na2 45. Rxa5 Nxc3 46. Ra8 1-0

[Event "DEM U18 2000"]
[Site "Überlingen GER"]
[Date "2000.06.05"]
[Round "3"]
[White "Schenk, Andreas"]
[Black "Seel, Christian"]
[Result "1-0"]
[Termination "normal"]
[Board "2"]
[WhiteElo "2272"]
[BlackElo "2176"]
[PlyCount "61"]
[WhiteFideId "4644891"]
[BlackFideId "4663098"]
[EventCountry "GER"]
[EventRounds "9"]
[EventType "swiss"]
[EventDate "2000.06.03"]

1. d4 Nf6 2. Bg5 Ne4 3. Bf4 c5 4. f3 Qa5+ 5. c3 Nf6 6. d5 d6 7. e4 g6 8. Bd3
Bg7 9. Ne2 O-O 10. O-O c4 11. Bxc4 Nxe4 12. fxe4 Qc5+ 13. Kh1 Qxc4 14. Nd2 Qb5
15. a4 Qb6 16. Bg5 e5 17. dxe6 Bxe6 18. a5 Qxb2 19. Rb1 Qa3 20. Nd4 Qxc3 21.
Nxe6 fxe6 22. Rxf8+ Bxf8 23. Rc1 Qe5 24. Nf3 Qxe4 25. Rc8 b5 26. Rxf8+ Kxf8 27.
Qxd6+ Kg8 28. Qd8+ Kf7 29. Qe7+ Kg8 30. Bf6 Qb1+ 31. Ng1 1-0

[Event "DEM U18 2000"]
[Site "Überlingen GER"]
[Date "2000.06.05"]
[Round "3"]
[White "Zimmermann, Julian"]
[Black "Grafl, Florian"]
[Result "0-1"]
[Termination "normal"]
[Board "3"]
[WhiteElo "2180"]
[BlackElo "2257"]
[PlyCount "36"]
[BlackFideId "4645715"]
[EventCountry "GER"]
[EventRounds "9"]
[EventType "swiss"]
[EventDate "2000.06.03"]

1. e4 e5 2. Nf3 Nc6 3. d4 exd4 4. Nxd4 Qh4 5. Nc3 Bb4 6. Ndb5 Qxe4+ 7. Be2
Bxc3+ 8. bxc3 Kd8 9. O-O Nf6 10. Be3 Re8 11. Re1 d6 12. Qc1 Qg6 13. Qa3 Bh3 14.
g3 Qe4 15. Bf1 Bxf1 16. Rxf1 Ne5 17. Rfd1 Nf3+ 18. Kf1 Nxh2+ 0-1

[Event "DEM U18 2000"]
[Site "Überlingen GER"]
[Date "2000.06.05"]
[Round "3"]
[White "Send, Sebastian"]
[Black "Pähtz, Thomas jr."]
[Result "1-0"]
[Termination "normal"]
[Board "4"]
[WhiteElo "2175"]
[BlackElo "2216"]
[PlyCount "39"]
[WhiteFideId "4667301"]
[BlackFideId "4636562"]
[EventCountry "GER"]
[EventRounds "9"]
[EventType "swiss"]
[EventDate "2000.06.03"]

1. e4 e6 2. d3 d5 3. Nd2 Nf6 4. Ngf3 b6 5. g3 dxe4 6. dxe4 Bc5 7. Bd3 e5 8. Qe2
Nbd7 9. Nc4 Bd6 10. Bd2 O-O 11. O-O-O Bb7 12. Rhe1 Re8 13. Nh4 Nc5 14. f3 Ba6
15. Nxe5 Bxe5 16. Bxa6 Bxb2+ 17. Kxb2 Nfxe4 18. fxe4 Rxe4 19. Qxe4 Nxe4 20.
Rxe4 1-0

[Event "DEM U18 2000"]
[Site "Überlingen GER"]
[Date "2000.06.05"]
[Round "3"]
[White "Motl, Martin"]
[Black "Meyer, Malte"]
[Result "1/2-1/2"]
[Termination "normal"]
[Board "5"]
[WhiteElo "2172"]
[BlackElo "2180"]
[PlyCount "81"]
[WhiteFideId "4667522"]
[BlackFideId "4664493"]
[EventCountry "GER"]
[EventRounds "9"]
[EventType "swiss"]
[EventDate "2000.06.03"]

1. d4 d5 2. Nf3 Nf6 3. Bf4 c5 4. e3 Nc6 5. c3 Qb6 6. b3 Bf5 7. Ne5 e6 8. Nd2
cxd4 9. exd4 Nxe5 10. dxe5 Nd7 11. b4 a6 12. Nb3 Be7 13. Rc1 f6 14. exf6 Bxf6
15. Be3 Qd6 16. Nc5 Rb8 17. g4 Bg6 18. f4 Bh4+ 19. Kd2 Be7 20. Qa4 b5 21. Qd1
Nxc5 22. bxc5 Qc7 23. Qe1 Be4 24. Rg1 Qa5 25. Bd4 O-O 26. Ke3 Qc7 27. Qg3 Bxc5
28. Bd3 Bd6 29. Rcf1 Bxd3 30. Kxd3 Qc4+ 31. Ke3 g5 32. Qe1 Bxf4+ 33. Rxf4 gxf4+
34. Kf2 Qc7 35. Qxe6+ Qf7 36. Qe5 Qg6 37. Qxd5+ Qf7 38. Qg5+ Qg6 39. Qd5+ Qf7
40. Qe5 Qg6 41. Qd5+ 1/2-1/2

[Event "DEM U18 2000"]
[Site "Überlingen GER"]
[Date "2000.06.05"]
[Round "3"]
[White "Schweigert, Werner"]
[Black "Philipowski, Robert"]
[Result "1/2-1/2"]
[Termination "normal"]
[Board "6"]
[WhiteElo "1997"]
[BlackElo "2272"]
[PlyCount "49"]
[BlackFideId "4663209"]
[EventCountry "GER"]
[EventRounds "9"]
[EventType "swiss"]
[EventDate "2000.06.03"]

1. e4 c5 2. Nf3 a6 3. c3 d5 4. exd5 Qxd5 5. d4 Nf6 6. Be2 cxd4 7. Qxd4 Qxd4 8.
Nxd4 e5 9. Nb3 Nc6 10. N1d2 Bf5 11. Nf3 Be7 12. Bd2 O-O 13. O-O Rfd8 14. Rfe1
Nd5 15. Bc4 Nb6 16. Bf1 f6 17. Rad1 Na4 18. Bc1 Bc2 19. Rd2 Rxd2 20. Nfxd2 Rd8
21. Nc4 Bxb3 22. axb3 Nc5 23. b4 Nd3 24. Rd1 Nxc1 25. Rxc1 1/2-1/2

[Event "DEM U18 2000"]
[Site "Überlingen GER"]
[Date "2000.06.05"]
[Round "3"]
[White "Huber, Philipp"]
[Black "Liebold, Thomas"]
[Result "1/2-1/2"]
[Termination "normal"]
[Board "7"]
[WhiteElo "2252"]
[BlackElo "2157"]
[PlyCount "82"]
[WhiteFideId "4643887"]
[BlackFideId "4652290"]
[EventCountry "GER"]
[EventRounds "9"]
[EventType "swiss"]
[EventDate "2000.06.03"]

1. d4 Nf6 2. Bg5 d5 3. e3 c6 4. Nf3 Qb6 5. Qc1 Bf5 6. a3 Nbd7 7. c4 h6 8. Bh4
Ne4 9. Nc3 g5 10. Bg3 Nxg3 11. hxg3 dxc4 12. Nxg5 e5 13. Nf3 exd4 14. exd4 Be6
15. Be2 Bg7 16. Qd2 O-O-O 17. O-O Ne5 18. Na4 Qb5 19. Nc3 Qa5 20. Rac1 Nxf3+
21. gxf3 Rxd4 22. Qe3 Qe5 23. Nd1 Rhd8 24. Qxe5 Bxe5 25. Ne3 b5 26. b3 Rd2 27.
Rfe1 c3 28. b4 Ra2 29. f4 Bg7 30. Bf3 Kc7 31. f5 Bb3 32. Ng4 Bd4 33. Re7+ Rd7
34. f6 Rd2 35. Be4 Rxe7 36. fxe7 Kd7 37. Nxh6 c2 38. Nf5 Bd5 39. Rxc2 Rd1+ 40.
Kh2 Bxe4 41. e8=Q+ Kxe8 1/2-1/2

[Event "DEM U18 2000"]
[Site "Überlingen GER"]
[Date "2000.06.05"]
[Round "3"]
[White "Neyman, Igor"]
[Black "Regert, Christian"]
[Result "1-0"]
[Termination "normal"]
[Board "8"]
[WhiteElo "2192"]
[BlackElo "2010"]
[PlyCount "71"]
[EventCountry "GER"]
[EventRounds "9"]
[EventType "swiss"]
[EventDate "2000.06.03"]

1. c4 Nf6 2. d4 e6 3. Nc3 Bb4 4. e3 O-O 5. Nge2 d5 6. a3 Bd6 7. c5 Be7 8. b4 b6
9. Ng3 a5 10. Bd2 Bb7 11. f4 Ne4 12. Ngxe4 dxe4 13. Be2 Bd5 14. O-O f5 15. Nxd5
exd5 16. cxb6 cxb6 17. Bb5 axb4 18. axb4 Rxa1 19. Qxa1 g5 20. Qd1 gxf4 21. Rxf4
Bd6 22. Rf2 Kh8 23. Qh5 Qf6 24. g4 Qg6 25. Rxf5 Rxf5 26. Qxf5 Qxf5 27. gxf5 Kg7
28. Be1 Kf6 29. Kg2 Kxf5 30. Kh3 Ke6 31. Bg3 h6 32. Kg4 Bxg3 33. hxg3 Kf6 34.
Kh5 Kg7 35. g4 Kh7 36. g5 1-0

[Event "DEM U18 2000"]
[Site "Überlingen GER"]
[Date "2000.06.05"]
[Round "3"]
[White "Ewald, Alexander"]
[Black "Schütze, Tonio"]
[Result "1/2-1/2"]
[Termination "normal"]
[Board "9"]
[WhiteElo "2134"]
[BlackElo "1982"]
[PlyCount "94"]
[WhiteFideId "4662520"]
[EventCountry "GER"]
[EventRounds "9"]
[EventType "swiss"]
[EventDate "2000.06.03"]

1. d4 Nf6 2. c4 e6 3. Nf3 b6 4. g3 Bb7 5. Bg2 d5 6. O-O Nbd7 7. b3 Be7 8. Nbd2
O-O 9. Bb2 Rc8 10. Rc1 c5 11. Re1 dxc4 12. Nxc4 cxd4 13. Nxd4 Bxg2 14. Kxg2 Nc5
15. f3 Nb7 16. e4 Bc5 17. Nb5 a6 18. Nc3 b5 19. Ne3 Qb6 20. Qe2 Rfd8 21. Nc2
Be7 22. e5 Nd5 23. Nxd5 Rxd5 24. Ne3 Rdd8 25. Red1 Rxc1 26. Rxd8+ Nxd8 27. Bxc1
Nc6 28. Ng4 h5 29. Nf2 Qd4 30. Bb2 Qd5 31. Qd3 Nb4 32. Qxd5 Nxd5 33. Nd1 Kf8
34. a3 Ke8 35. f4 Nb6 36. Kf3 Nd7 37. b4 Nb6 38. Ne3 Kd7 39. Ke4 Kc6 40. h3 Nc4
41. Bc1 Nxe3 42. Bxe3 g6 43. h4 Bd8 44. Bd4 a5 45. Bb2 axb4 46. axb4 Be7 47.
Bc3 Kb7 1/2-1/2

[Event "DEM U18 2000"]
[Site "Überlingen GER"]
[Date "2000.06.05"]
[Round "3"]
[White "Menzel, Michael"]
[Black "Gehmlich, Marcel"]
[Result "0-1"]
[Termination "normal"]
[Board "10"]
[WhiteElo "1756"]
[BlackElo "2065"]
[PlyCount "162"]
[WhiteFideId "4694732"]
[BlackFideId "4656474"]
[EventCountry "GER"]
[EventRounds "9"]
[EventType "swiss"]
[EventDate "2000.06.03"]

1. e4 c5 2. c4 Nc6 3. Nf3 e5 4. Nc3 d6 5. h3 f5 6. d3 Nf6 7. Bg5 Be7 8. Be2 O-O
9. O-O Nd4 10. Bxf6 Bxf6 11. Nd5 Be6 12. Rc1 Qa5 13. a3 b5 14. Nxd4 exd4 15. b4
cxb4 16. axb4 Qd8 17. Nxf6+ Qxf6 18. cxb5 Rab8 19. Qa4 Qe5 20. Qxa7 fxe4 21.
dxe4 Qxe4 22. Bf3 Qg6 23. Bc6 Qf6 24. Rcd1 Bc4 25. Qxd4 Bxf1 26. Kxf1 Qxd4 27.
Rxd4 Rf6 28. Ke2 Kf8 29. f4 Ke7 30. Ke3 Kd8 31. Re4 Rf8 32. Kd4 Rf7 33. Kd5 Kc7
34. g4 g6 35. Be8 Rf8 36. Bc6 Rf7 37. Re6 Rd8 38. Re4 Rdf8 39. Re6 Rd8 40. Ke4
Rdf8 41. f5 gxf5+ 42. gxf5 h5 43. f6 Rxf6 44. Re7+ Kb8 45. Kd5 Rf5+ 46. Kxd6
R8f6+ 47. Kd7 Rf7 48. Ke6 R7f6+ 49. Kd7 Rf7 50. Rxf7 Rxf7+ 51. Ke6 Rf4 52. Bd7
Kc7 53. Ke5 Rxb4 54. Bf5 Rxb5+ 55. Kf6 Kd6 56. Bg6 h4 57. Bf5 Rb8 58. Kg5 Ke5
59. Bg4 Rh8 60. Bd1 Ke4 61. Be2 Rh7 62. Bg4 Ke3 63. Bf5 Rh8 64. Kg4 Rg8+ 65.
Kh5 Kf4 66. Be6 Rh8+ 67. Kg6 Re8 68. Bd7 Re5 69. Bc8 Rc5 70. Bd7 Kg3 71. Kf6
Kh2 72. Kg6 Rc3 73. Kg5 Rxh3 74. Kg4 Rd3 75. Bf5 Rd4+ 76. Kf3 Rd8 77. Bg4 Rf8+
78. Ke2 h3 79. Bd7 Kg2 80. Bc6+ Kg1 81. Bd7 h2 0-1

[Event "DEM U18 2000"]
[Site "Überlingen GER"]
[Date "2000.06.05"]
[Round "3"]
[White "Bravo Lutz, Sebastian"]
[Black "Jauk, Wilhelm"]
[Result "0-1"]
[Termination "normal"]
[Board "11"]
[WhiteElo "2038"]
[BlackElo "1942"]
[PlyCount "86"]
[EventCountry "GER"]
[EventRounds "9"]
[EventType "swiss"]
[EventDate "2000.06.03"]

1. Nf3 Nf6 2. g3 d6 3. Bg2 g6 4. O-O Bg7 5. d3 e5 6. c4 O-O 7. Nc3 Nbd7 8. Rb1
a5 9. a3 c6 10. b4 axb4 11. axb4 d5 12. b5 d4 13. bxc6 bxc6 14. Na4 Qa5 15. Nb2
Bb7 16. Bd2 Qc7 17. e3 c5 18. exd4 cxd4 19. Re1 Ra7 20. Qc2 Rfa8 21. Bb4 Bc6
22. Nh4 Bxg2 23. Nxg2 Nh5 24. Rec1 Nc5 25. Nd1 Ra2 26. Rb2 Rxb2 27. Nxb2 Nf6
28. Re1 Nfd7 29. Rb1 f5 30. f3 Qc6 31. Ne1 Re8 32. Ra1 Bh6 33. Nd1 e4 34. f4
Bg7 35. Qg2 Qb6 36. Ba5 Qb3 37. Nf2 Qb2 38. Rd1 e3 39. Qd5+ Kh8 40. Nh3 e2 41.
Ng5 h6 42. Nf7+ Kh7 43. Rd2 Qa1 0-1

[Event "DEM U18 2000"]
[Site "Überlingen GER"]
[Date "2000.06.05"]
[Round "3"]
[White "Luig, Benjamin"]
[Black "Schinkowski, Christoph"]
[Result "0-1"]
[Termination "normal"]
[Board "12"]
[WhiteElo "1894"]
[BlackElo "1823"]
[PlyCount "45"]
[BlackFideId "4686632"]
[EventCountry "GER"]
[EventRounds "9"]
[EventType "swiss"]
[EventDate "2000.06.03"]

1. d4 d5 2. Nf3 Nf6 3. c4 e6 4. Bg5 Be7 5. e3 O-O 6. Nc3 h6 7. Bxf6 Bxf6 8.
cxd5 exd5 9. Qc2 Re8 10. Be2 c6 11. O-O Bg4 12. b4 Qd6 13. Rfc1 Qxb4 14. Rcb1
Qe7 15. a4 Bxf3 16. Bxf3 Na6 17. Be2 Nb4 18. Qb3 a5 19. Ra3 Nc2 20. Ra2 Nxe3
21. Qxb7 Bxd4 22. Qxc6 Bxc3 23. Qxc3 0-1

[Event "DEM U18 2000"]
[Site "Überlingen GER"]
[Date "2000.06.06"]
[Round "4"]
[White "Grafl, Florian"]
[Black "Langheinrich, Ferenc"]
[Result "1/2-1/2"]
[Termination "normal"]
[Board "1"]
[WhiteElo "2257"]
[BlackElo "2325"]
[PlyCount "121"]
[WhiteFideId "4645715"]
[BlackFideId "4641973"]
[EventCountry "GER"]
[EventRounds "9"]
[EventType "swiss"]
[EventDate "2000.06.03"]

1. e4 c6 2. d4 d5 3. f3 dxe4 4. fxe4 e5 5. Nf3 Be6 6. c3 Nd7 7. Bd3 exd4 8.
cxd4 Qb6 9. Qe2 c5 10. d5 Bg4 11. Bf4 Ngf6 12. h3 Bxf3 13. gxf3 Nh5 14. Bh2 c4
15. Bxc4 Bd6 16. Bxd6 Qxd6 17. Nd2 Rc8 18. Qh2 Ne5 19. b3 O-O 20. O-O Qg6+ 21.
Qg2 Qf6 22. Kh1 Nf4 23. Qh2 Neg6 24. Rae1 Rfe8 25. Rg1 Re5 26. Rg3 h6 27. a4
Kh8 28. Qf2 b6 29. Nf1 Qh4 30. Qh2 Rg5 31. Rd1 Ne5 32. d6 Rd8 33. Rxg5 hxg5 34.
Qg3 Qxh3+ 35. Qxh3+ Nxh3 36. Kg2 Nf4+ 37. Kf2 g6 38. Ne3 Kg7 39. Bb5 Rh8 40.
Ng4 Nxg4+ 41. fxg4 Kf6 42. Rc1 Rd8 43. Rc7 Rxd6 44. Rxa7 Nd3+ 45. Ke3 Ne5 46.
Be2 Rc6 47. b4 Rc3+ 48. Kd2 Rb3 49. b5 Rb2+ 50. Kd1 Rb4 51. Ra6 Ke7 52. a5 bxa5
53. Rxa5 Rxe4 54. b6 Nd7 55. b7 Rb4 56. Bf3 Kd6 57. Ra6+ Ke7 58. Ra8 f5 59. Bc6
Rb6 60. Bxd7 Rxb7 61. Bc8 1/2-1/2